Fairy Boo (Record no. 614918)
[ view plain ]
| 000 -LEADER | |
|---|---|
| fixed length control field | 00233nam a22001097a 4500 |
| 020 ## - INTERNATIONAL STANDARD BOOK NUMBER | |
| International Standard Book Number | 9781782354840 |
| 082 ## - DEWEY DECIMAL CLASSIFICATION NUMBER | |
| Classification number | 823 |
| Author Mark | BOO |
| 245 ## - TITLE STATEMENT | |
| Title | Fairy Boo |
| 260 ## - PUBLICATION, DISTRIBUTION, ETC. | |
| Place of publication, distribution, etc. | US: |
| Name of publisher, distributor, etc. | Make believe ideas ltd; |
| Date of publication, distribution, etc. | 2012. |
| 563 ## - BINDING INFORMATION | |
| Binding note | HB |
| 942 ## - ADDED ENTRY ELEMENTS (KOHA) | |
| Source of classification or shelving scheme | |
| Koha item type | Book |
| Withdrawn status | Lost status | Source of classification or shelving scheme | Damaged status | Not for loan | Permanent Location | Current Location | Shelving location | Date acquired | Source of acquisition | Full call number | Barcode | Date last seen | Price effective from | Koha item type |
|---|---|---|---|---|---|---|---|---|---|---|---|---|---|---|
| Central Library (CL) | Central Library (CL) | Children Section | 09/26/2025 | Donated by Children - Summer Camp, 2025. | 823 BOO | CL-CS-11 | 09/26/2025 | 09/26/2025 | Children Section |
